Normal view MARC view
  • Riha , Thomas

Entry Personal Name

Number of records used in: 1

001 - CONTROL NUMBER

  • control field: 133824

003 - CONTROL NUMBER IDENTIFIER

  • control field: NUST

005 - DATE AND TIME OF LATEST TRANSACTION

  • control field: 20260402121700.0

008 - FIXED-LENGTH DATA ELEMENTS

  • fixed length control field: 260402|| aca||aabn | a|a d

040 ## - CATALOGING SOURCE

  • Original cataloging agency: NUST
  • Transcribing agency: NUST

100 ## - HEADING--PERSONAL NAME

  • Personal name: Riha , Thomas

670 ## - SOURCE DATA FOUND

  • Source citation: Work cat.: (NUST): Riha , Thomas., Readings in Russian Civilization Volume II: Imperial Russia, 1700-1917 Revised Edition /, 1970.
© 2023 Central Library, National University of Sciences and Technology. All Rights Reserved.